000 00589nam a2200229Ia 4500
003 OSt
005 20221005124646.0
006 a|||||r|||| 00| 0
007 ta
008 221004b |||||||| |||| 00| 0 eng d
024 _a54427
037 _cTextual
040 _aCRL
_cCRL
_beng
041 _2eng
_aeng
082 _aT.2.N5, K5
100 _aBhimbat L D
_9635597
245 0 _aNational education of India with medium and language supplement.
260 _c1965
650 _aEDUCATION
942 _hT.2.N5, K5
_cTEXL
_2cc
999 _c1051169
_d1051169